Wspólczesne migracje i metodyka ich badania
Enregistré dans:
| Format: | Livre |
|---|---|
| Langue: | polonais |
| Publié: |
Warszawa
Szkola Glówna Planowania i Statystyki
1989
|
| Édition: | 1. wyd. |
| Collection: | Monografie i opracowania
287 |
| Tags: |
Pas de tags, Soyez le premier à ajouter un tag!
|
MARC
| LEADER | 00000nam a2200000 4500 | ||
|---|---|---|---|
| 001 | c022166 | ||
| 005 | 20250630095546.3 | ||
| 041 | 0 | |a pol | |
| 044 | |a PL | ||
| 245 | 1 | 0 | |a Wspólczesne migracje i metodyka ich badania |
| 250 | |a 1. wyd. | ||
| 264 | 1 | |a Warszawa |b Szkola Glówna Planowania i Statystyki |c 1989 | |
| 300 | |a 274 s. | ||
| 490 | 1 | |a Monografie i opracowania |v 287 | |
| 830 | 0 | |a Monografie i opracowania |v 287 | |